| 000 | 00717nam a22002297a 4500 | ||
|---|---|---|---|
| 999 |
_c6918 _d6918 |
||
| 003 | AR-CdUCM | ||
| 008 | 190319b ||||| |||| 00| 0 spa d | ||
| 040 |
_aMUNICIPALIDAD PROVINCIAL DEL CUSCO _cBIBLIOTECA MUNICIPAL DEL CUSCO |
||
| 041 | _hdut | ||
| 082 |
_24ed. _a704 / _bF82 |
||
| 100 |
_aFrancia, Peter de _919493 |
||
| 245 | _aEl Impresionismo / | ||
| 260 |
_aMéxico : _bHermes ; _c1964. |
||
| 300 |
_a64 páginas ; _bFotografías _c18cm |
||
| 440 |
_aColección Tiempo y Arte - Tendencias de la Pintura Moderna _919494 |
||
| 505 | _aContenido: Arte | ||
| 650 |
_aArte _9561 |
||
| 650 |
_aImpresionismo _911299 |
||
| 700 |
_aHorne, Matilde (traducción) _919439 |
||
| 942 |
_2ddc _cLIBROS |
||
| 945 | _anom | ||